| 000 | 00908cam a22002895a 4500 | ||
|---|---|---|---|
| 001 | 4871474 | ||
| 005 | 20161117133529.0 | ||
| 008 | 920121s1992 nyua fr 001 0 eng d | ||
| 020 | _a067974195X | ||
| 020 | _a9780679741954 | ||
| 040 |
_aDLC _cDLC _dDLC _dEG-ScBUE _beng |
||
| 043 | _an-us--- | ||
| 082 | 0 | 4 |
_a307.760973 _222 _bJAC |
| 100 | 1 |
_aJacobs, Jane, _d1916-2006. |
|
| 245 | 1 | 4 |
_aThe death and life of great American cities / _cJane Jacobs. |
| 250 | _aVintage Books ed. | ||
| 260 |
_aNew York : _bVintage Books, _c1992. |
||
| 300 |
_a458 p. : _bill. ; _c21 cm. |
||
| 500 | _aOriginally published: New York : Random House, [1961]. | ||
| 500 | _aIndex : p. [449-458.] | ||
| 650 | 0 |
_aCity planning _zUnited States. _2BUEsh |
|
| 650 | 7 |
_aUrban renewal _zUnited States. _2BUEsh |
|
| 650 | 7 |
_aUrban policy _zUnited States. _2BUEsh |
|
| 651 | _2BUEsh | ||
| 653 |
_bENGARC _cNovember2016 |
||
| 942 | _2ddc | ||
| 999 |
_c23178 _d23150 |
||